000 00925nam a2200277 i 4500
001 106030
005 20230410130523.0
008 111121b2009 it a 001 0 ita
020 _a9788886095839
041 0 _aspan e italian.
049 _aGRAL
050 1 4 _aPM 3001
_bI 25 2009
245 0 3 _aL'Immaginaziones eccentrica:
_b15 racconti e 2 leggende del Centro América; a cura di Héctor Febles; trad. coordinate da Lorenzo Blini e Francesco Fava.
260 _aRoma:
_bFahrenheit 451 ,
_c2009
300 _a295 p.:
_c20cm.
440 0 _aNarramérica.
500 _aEdición bilingue; espan e italian.
501 _aPresentd by the IILA (instituto italo-latino americano) Patricia Rivadeneira.
502 _aI Trasversali
600 1 0 _aNarrativa latinoamericana.
650 0 _aAntología de cuentos
700 1 _aFebles Héctor
700 1 _aBlini Lorenzo
700 1 _aFava Francesco.
942 _2lcc
_cbk
999 _c75493
_d75493